Sports Quiz

Random Sports or Decade Quiz
Score 0/300 Timer 18:00
0 Plays Today
Team Player % Correct
Golden State WarriorsDraymond Green
84.9%
Golden State WarriorsDraymond Green
84.9%
Golden State WarriorsDraymond Green
84.9%
Golden State WarriorsDraymond Green
84.9%
Memphis GrizzliesJaMychal Green
84.8%
Memphis GrizzliesJaMychal Green
84.8%
Memphis GrizzliesJaMychal Green
84.8%
Oklahoma City ThunderJeff Green
84.8%
Oklahoma City ThunderJeff Green
84.8%
Los Angeles ClippersBlake Griffin
83.7%
Los Angeles ClippersBlake Griffin
83.7%
Los Angeles ClippersBlake Griffin
83.7%
Los Angeles ClippersBlake Griffin
83.7%
Los Angeles ClippersBlake Griffin
83.7%
Los Angeles ClippersBlake Griffin
83.7%
Detroit PistonsBlake Griffin
83.6%
Boston CelticsKevin Garnett
83%
Boston CelticsKevin Garnett
83%
Boston CelticsKevin Garnett
83%
Brooklyn NetsKevin Garnett
83%
Minnesota TimberwolvesKevin Garnett
82.9%
Atlanta HawksPaul Millsap
82.7%
Atlanta HawksPaul Millsap
82.7%
Atlanta HawksPaul Millsap
82.7%
Atlanta HawksPaul Millsap
82.7%
Denver NuggetsPaul Millsap
82.7%
Denver NuggetsPaul Millsap
82.7%
Utah JazzPaul Millsap
82.3%
Utah JazzPaul Millsap
82.3%
Utah JazzPaul Millsap
82.3%
Dallas MavericksDirk Nowitzki
81.4%
Dallas MavericksDirk Nowitzki
81.4%
Dallas MavericksDirk Nowitzki
81.4%
Dallas MavericksDirk Nowitzki
81.4%
Dallas MavericksDirk Nowitzki
81.4%
Dallas MavericksDirk Nowitzki
81.4%
New Orleans PelicansAnthony Davis
80.9%
New Orleans PelicansAnthony Davis
80.9%
New Orleans PelicansAnthony Davis
80.9%
New Orleans PelicansAnthony Davis
80.9%
New Orleans PelicansAnthony Davis
80.9%
Orlando MagicGlen Davis
80.8%
Orlando MagicGlen Davis
80.8%
Cleveland CavaliersKevin Love
80.3%
Cleveland CavaliersKevin Love
80.3%
Cleveland CavaliersKevin Love
80.3%
Cleveland CavaliersKevin Love
80.3%
Minnesota TimberwolvesKevin Love
80.1%
Minnesota TimberwolvesKevin Love
80.1%
Minnesota TimberwolvesKevin Love
80.1%
Minnesota TimberwolvesKevin Love
80.1%
Los Angeles LakersLebron James
75.9%
Miami HeatLebron James
75.8%
Miami HeatLebron James
75.8%
Cleveland CavaliersLebron James
75.6%
Portland Trail BlazersLaMarcus Aldridge
73.1%
Portland Trail BlazersLaMarcus Aldridge
73.1%
Portland Trail BlazersLaMarcus Aldridge
73.1%
Portland Trail BlazersLaMarcus Aldridge
73.1%
Portland Trail BlazersLaMarcus Aldridge
73.1%
Portland Trail BlazersLaMarcus Aldridge
73.1%
San Antonio SpursLaMarcus Aldridge
73.1%
San Antonio SpursLaMarcus Aldridge
73.1%
San Antonio SpursLaMarcus Aldridge
73.1%
Chicago BullsPau Gasol
71.8%
Los Angeles LakersPau Gasol
71.7%
Los Angeles LakersPau Gasol
71.7%
Miami HeatChris Bosh
69.9%
Miami HeatChris Bosh
69.9%
Miami HeatChris Bosh
69.9%
Atlanta HawksJohn Collins
69%
Boston CelticsMarcus Morris
68.8%
Boston CelticsMarcus Morris
68.8%
Washington WizardsMarkieff Morris
68.7%
Washington WizardsMarkieff Morris
68.7%
Washington WizardsMarkieff Morris
68.7%
Oklahoma City ThunderSerge Ibaka
68.6%
Oklahoma City ThunderSerge Ibaka
68.6%
Oklahoma City ThunderSerge Ibaka
68.6%
Oklahoma City ThunderSerge Ibaka
68.6%
Oklahoma City ThunderSerge Ibaka
68.6%
Orlando MagicSerge Ibaka
68.6%
Phoenix SunsMarkieff Morris
68.6%
Toronto RaptorsSerge Ibaka
68.6%
Milwaukee BucksGiannis Antetokounmpo
64.7%
Milwaukee BucksGiannis Antetokounmpo
64.7%
Golden State WarriorsKevin Durant
63.3%
Miami HeatJames Johnson
63.2%
Toronto RaptorsAmir Johnson
62.9%
Toronto RaptorsAmir Johnson
62.9%
Toronto RaptorsAmir Johnson
62.9%
Toronto RaptorsAmir Johnson
62.9%
Toronto RaptorsAmir Johnson
62.9%
Boston CelticsAmir Johnson
62.7%
Boston CelticsAmir Johnson
62.7%
Los Angeles ClippersTobias Harris
62.2%
Los Angeles ClippersTobias Harris
62.2%
Detroit PistonsTobias Harris
62.2%
Detroit PistonsTobias Harris
62.2%
Orlando MagicTobias Harris
61.9%
Team Player % Correct
Charlotte HornetsMarvin Williams
61.4%
Charlotte HornetsMarvin Williams
61.4%
Charlotte HornetsMarvin Williams
61.4%
Charlotte HornetsMarvin Williams
61.4%
Atlanta HawksJosh Smith
61.3%
Atlanta HawksJosh Smith
61.3%
Atlanta HawksJosh Smith
61.3%
Atlanta HawksJosh Smith
61.3%
Houston RocketsP.J. Tucker
61%
Minnesota TimberwolvesDerrick Williams
61%
New York KnicksKristaps Porzingis
60.2%
New York KnicksKristaps Porzingis
60.2%
New York KnicksKristaps Porzingis
60.2%
New Orleans PelicansJason Smith
59.9%
New York KnicksCarmelo Anthony
59.9%
New York KnicksCarmelo Anthony
59.9%
Oklahoma City ThunderCarmelo Anthony
59.6%
Orlando MagicAaron Gordon
57%
Orlando MagicAaron Gordon
57%
Memphis GrizzliesZach Randolph
56.7%
Memphis GrizzliesZach Randolph
56.7%
Memphis GrizzliesZach Randolph
56.7%
Memphis GrizzliesZach Randolph
56.7%
Memphis GrizzliesZach Randolph
56.7%
Memphis GrizzliesZach Randolph
56.7%
Sacramento KingsZach Randolph
56.2%
Chicago BullsTaj Gibson
55%
Chicago BullsTaj Gibson
55%
Chicago BullsTaj Gibson
55%
Minnesota TimberwolvesTaj Gibson
54.8%
Minnesota TimberwolvesTaj Gibson
54.8%
Los Angeles LakersJulius Randle
52.6%
Los Angeles LakersJulius Randle
52.6%
Chicago BullsCarlos Boozer
50.7%
Chicago BullsCarlos Boozer
50.7%
Chicago BullsCarlos Boozer
50.7%
Utah JazzDerrick Favors
50.6%
Utah JazzDerrick Favors
50.6%
Utah JazzDerrick Favors
50.6%
Utah JazzDerrick Favors
50.6%
Utah JazzDerrick Favors
50.6%
Utah JazzDerrick Favors
50.6%
Indiana PacersThaddeus Young
50.4%
Indiana PacersThaddeus Young
50.4%
Indiana PacersThaddeus Young
50.4%
Minnesota TimberwolvesThaddeus Young
50.4%
Utah JazzCarlos Boozer
50.2%
Brooklyn NetsThaddeus Young
50.2%
Philadelphia 76ersThaddeus Young
49.9%
Philadelphia 76ersThaddeus Young
49.9%
Chicago BullsLauri Markkanen
48.9%
Golden State WarriorsDavid Lee
47.4%
Golden State WarriorsDavid Lee
47.4%
Golden State WarriorsDavid Lee
47.4%
Golden State WarriorsDavid Lee
47.4%
Cleveland CavaliersTristan Thompson
47.2%
Cleveland CavaliersTristan Thompson
47.2%
Sacramento KingsJason Thompson
47%
Sacramento KingsJason Thompson
47%
Sacramento KingsJason Thompson
47%
Sacramento KingsJason Thompson
47%
Sacramento KingsJason Thompson
47%
Sacramento KingsJason Thompson
47%
Los Angeles LakersKyle Kuzma
46.1%
Dallas MavericksHarrison Barnes
45.9%
Dallas MavericksHarrison Barnes
45.9%
New York KnicksAmar’e Stoudemire
44.8%
Phoenix SunsAmar’e Stoudemire
44.8%
Portland Trail BlazersAl-Farouq Aminu
44.8%
Portland Trail BlazersAl-Farouq Aminu
44.8%
Indiana PacersDavid West
43.7%
Indiana PacersDavid West
43.7%
Indiana PacersDavid West
43.7%
Indiana PacersDavid West
43.7%
New Orleans PelicansDavid West
43.5%
New Orleans PelicansDavid West
43.5%
Philadelphia 76ersDario Saric
41.5%
Toronto RaptorsPascal Siakam
41.3%
Toronto RaptorsPascal Siakam
41.3%
Houston RocketsRyan Anderson
40.9%
Houston RocketsRyan Anderson
40.9%
Orlando MagicRyan Anderson
40.6%
Milwaukee BucksJabari Parker
39.6%
Milwaukee BucksJabari Parker
39.6%
Chicago BullsJabari Parker
39.5%
Oklahoma City ThunderJerami Grant
39%
Philadelphia 76ersJerami Grant
39%
Denver NuggetsKenneth Faried
36.3%
Denver NuggetsKenneth Faried
36.3%
Denver NuggetsKenneth Faried
36.3%
Denver NuggetsKenneth Faried
36.3%
Denver NuggetsKenneth Faried
36.3%
Denver NuggetsKenneth Faried
36.3%
Oklahoma City ThunderDomantas Sabonis
36.2%
Philadelphia 76ersWilson Chandler
33.1%
Detroit PistonsGreg Monroe
33%
Detroit PistonsGreg Monroe
33%
Washington WizardsNene
32.8%
Washington WizardsNene
32.8%
New Orleans PelicansNikola Mirotic
32.2%
Team Player % Correct
Dallas MavericksLuka Doncic
30.3%
Milwaukee BucksErsan Ilyasova
29.7%
Milwaukee BucksErsan Ilyasova
29.7%
Milwaukee BucksErsan Ilyasova
29.7%
Milwaukee BucksErsan Ilyasova
29.7%
Atlanta HawksErsan Ilyasova
29.7%
Detroit PistonsErsan Ilyasova
29.7%
Philadelphia 76ersErsan Ilyasova
28.8%
Houston RocketsTerrence Jones
28.3%
Miami HeatLuol Deng
27.9%
New York KnicksDanilo Gallinari
27.9%
Charlotte HornetsBoris Diaw
26.9%
Charlotte HornetsBoris Diaw
26.9%
Charlotte HornetsBoris Diaw
26.9%
Indiana PacersLavoy Allen
26.9%
Los Angeles LakersLamar Odom
26.7%
Los Angeles LakersLamar Odom
26.7%
Boston CelticsJared Sullinger
26.2%
Boston CelticsJared Sullinger
26.2%
Boston CelticsBrandon Bass
24.4%
Los Angeles LakersJordan Hill
23.7%
Orlando MagicBrandon Bass
23.6%
Phoenix SunsT.J. Warren
23.2%
Denver NuggetsKenyon Martin
22.9%
Denver NuggetsKenyon Martin
22.9%
Cleveland CavaliersAntwan Jamison
22.5%
Cleveland CavaliersAntwan Jamison
22.5%
Washington WizardsAntawn Jamison
22.3%
Miami HeatJustise Winslow
20.8%
Philadelphia 76ersElton Brand
20.8%
Philadelphia 76ersElton Brand
20.8%
Houston RocketsLuis Scola
20.3%
Houston RocketsLuis Scola
20.3%
Houston RocketsLuis Scola
20.3%
Minnesota TimberwolvesGorgui Dieng
19.9%
Brooklyn NetsJared Dudley
19.6%
Washington WizardsJared Dudley
19.5%
Phoenix SunsLuis Scola
19.4%
Toronto RaptorsLuis Scola
19.4%
Houston RocketsPatrick Patterson
18.9%
New York KnicksNoah Vonleh
18.8%
Portland Trail BlazersNoah Vonleh
18.5%
Portland Trail BlazersNoah Vonleh
18.5%
Brooklyn NetsKris Humphries
18.5%
Brooklyn NetsKris Humphries
18.5%
San Antonio SpursTiago Splitter
18.3%
San Antonio SpursTiago Splitter
18.3%
San Antonio SpursTiago Splitter
18.3%
Dallas MavericksShawn Marion
18.3%
Phoenix SunsAlex Len
17.9%
Orlando MagicRashard Lewis
17.3%
Phoenix SunsMarquese Chriss
16.6%
Phoenix SunsMarquese Chriss
16.6%
Toronto RaptorsAndrea Bargnani
16.2%
Sacramento KingsNemanja Bjelica
15.6%
Washington WizardsTrevor Booker
14.1%
Washington WizardsTrevor Booker
14.1%
Brooklyn NetsTrevor Booker
13.8%
Chicago BullsKurt Thomas
13.8%
Brooklyn NetsReggie Evans
11.8%
Sacramento KingsWillie Cauley-Stein
10.3%
Brooklyn NetsQuincy Acy
9.4%
Orlando MagicChanning Frye
9.3%
Phoenix SunsChanning Frye
9.3%
Phoenix SunsChanning Frye
9.3%
Phoenix SunsChanning Frye
9.3%
Washington WizardsAndray Blatche
9.2%
Philadelphia 76ersSpencer Hawes
9%
Brooklyn NetsAndray Blatche
8.9%
Golden State WarriorsAnthony Tolliver
8.9%
Miami HeatMichael Beasley
8.4%
Cleveland CavaliersJ.J. Hickson
7.9%
Detroit PistonsJonas Jerebko
7.9%
San Antonio SpursDeJaun Blair
7.8%
San Antonio SpursDeJaun Blair
7.8%
Miami HeatJosh McRoberts
7.4%
Indiana PacersJosh McRoberts
7.4%
Charlotte HornetsJosh McRoberts
7.4%
Houston RocketsDonatas Motiejunas
7.2%
Houston RocketsDonatas Motiejunas
7.2%
Detroit PistonsJason Maxiell
7%
Detroit PistonsJason Maxiell
7%
Los Angeles ClippersLuc Mbah A Moute
6.9%
Milwaukee BucksLuc Mbah A Moute
6.7%
Milwaukee BucksLuc Mbah A Moute
6.7%
Los Angeles ClippersMarcus Camby
6.7%
Philadelphia 76ersLuc Mbah A Moute
5.9%
New Orleans PelicansDante Cunningham
5.6%
San Antonio SpursDante Cunningham
5.3%
Charlotte HornetsByron Mullens
5%
Indiana PacersTroy Murphy
4.4%
San Antonio SpursAntonio McDyess
3.4%
Los Angeles LakersRyan Kelly
3.1%
Sacramento KingsKosta Koufos
3%
Brooklyn NetsYi Jianlian
3%
Memphis GrizzliesMarreese Speights
2.8%
Charlotte HornetsMarvin Willams
2.4%
New York KnicksJared Jeffries
1.7%
Detroit PistonsChris Wilcox
1.5%
New York KnicksLou Amundson
1.3%
Remove Ads.
Support Sporcle.
Get the best of Sporcle when you Go Orange. This ad-free experience offers more features, more stats, and more fun while also helping to support Sporcle. Thank you for becoming a member.

You're not logged in!

Compare scores with friends on all Sporcle quizzes.
OR
Log In

Show Comments

Extras

Top Quizzes Today


Score Distribution

Your Account Isn't Verified!

In order to create a playlist on Sporcle, you need to verify the email address you used during registration. Go to your Sporcle Settings to finish the process.

Report this User

Report this user for behavior that violates our Community Guidelines.

Details: